LEADER 00780nam0 2200229 450 001 000011721 005 20180515122808.0 100 $a20080522d1974----km-y0itay50------ba 101 0 $aeng 102 $aUS 105 $ay-------001yy 200 1 $aEuclidean and non-Euclidean geometries$edevelopment and history$fMarvin Jay Greenberg 210 $aSan Francisco$cW. H. Freeman and company$dc1974 215 $axi, 304 p.$d25 cm. 610 1 $aGeometria$aEsposizioni elementari 676 $a516.009$v19$9Geometria. Storia, geografia, persone 700 1$aGreenberg,$bMarvin Jay$041882 801 0$aIT$bUNIPARTHENOPE$c20080522$gRICA$2UNIMARC 912 $a000011721 951 $a516.2/101$b21669$cPIST 996 $aEuclidean and non-euclidean geometries$9376575 997 $aUNIPARTHENOPE LEADER 03110oas 2201045 a 450 001 9910333245603321 005 20251105213014.0 011 $a1618-0437 035 $a(DE-599)ZDB2038178-5 035 $a(DE-599)2038178-5 035 $a(OCoLC)51232030 035 $a(CONSER) 2008233367 035 $a(CKB)110975506072209 035 $a(EXLCZ)99110975506072209 100 $a20021216a19989999 sy a 101 0 $aeng 135 $aur||||||||||| 181 $ctxt$2rdacontent 182 $cc$2rdamedia 183 $acr$2rdacarrier 200 10$aPerspectives in plant ecology, evolution, and systematics 210 $a[Jena, Germany] $cUrban & Fischer 300 $aRefereed/Peer-reviewed 311 08$a1433-8319 531 0 $aPerspect. plant ecol. evol. syst. 606 $aPlant ecology$vPeriodicals 606 $aPlants$xEvolution$vPeriodicals 606 $aPlants$xPhylogeny$vPeriodicals 606 $aPlants$xClassification$vPeriodicals 606 $aE?cologie ve?ge?tale$vPe?riodiques 606 $aPlantes$xE?volution$vPe?riodiques 606 $aPlantes$xPhylogene?se$vPe?riodiques 606 $aPlantes$xClassification$vPe?riodiques 606 $aPlant ecology$2fast$3(OCoLC)fst01065415 606 $aPlants$xClassification$2fast$3(OCoLC)fst01065839 606 $aPlants$xEvolution$2fast$3(OCoLC)fst01066028 606 $aPlants$xPhylogeny$2fast$3(OCoLC)fst01066074 606 $aE?cologie ve?ge?tale$2rasuqam 606 $aE?volution des plantes$2rasuqam 606 $aPhyloge?ne?se$2rasuqam 606 $aPlante$2rasuqam 606 $aClassification (Sciences naturelles)$2rasuqam 608 $aPeriodicals.$2fast 608 $aRessource Internet (Descripteur de forme)$2rasuqam 608 $aPe?riodique e?lectronique (Descripteur de forme)$2rasuqam 615 0$aPlant ecology 615 0$aPlants$xEvolution 615 0$aPlants$xPhylogeny 615 0$aPlants$xClassification 615 6$aE?cologie ve?ge?tale 615 6$aPlantes$xE?volution 615 6$aPlantes$xPhylogene?se 615 6$aPlantes$xClassification 615 7$aPlant ecology. 615 7$aPlants$xClassification. 615 7$aPlants$xEvolution. 615 7$aPlants$xPhylogeny. 615 7$aE?cologie ve?ge?tale. 615 7$aE?volution des plantes. 615 7$aPhyloge?ne?se. 615 7$aPlante. 615 7$aClassification (Sciences naturelles) 676 $a581.7 801 0$bF#A 801 1$bF#A 801 2$bOCLCQ 801 2$bMUQ 801 2$bQCL 801 2$bOCLCQ 801 2$bUQ1 801 2$bGUA 801 2$bOCLCQ 801 2$bGUA 801 2$bOCLCQ 801 2$bUKMGB 801 2$bOCLCQ 801 2$bOCLCO 801 2$bOCLCF 801 2$bCOO 801 2$bOCLCO 801 2$bEUW 801 2$bOCLCO 801 2$bOCLCQ 801 2$bUAB 801 2$bOCLCL 801 2$bOCLCQ 906 $aJOURNAL 912 $a9910333245603321 996 $aPerspectives in plant ecology, evolution, and systematics$92098266 997 $aUNINA